[Event "AUTO-OPEN-594"]
[Site "http://www.queenalice.com/game.php?id=184461"]
[Date "2007.3.19"]
[Round "1"]
[White "Sherlock6834"]
[Black "bruninholoko"]
[Result "1-0"]
[WhiteElo "1928"]
[BlackElo "1289"]

1. e4 e5 2. Nf3 d6 3. d4 Nf6 4. dxe5 dxe5 5. Qxd8+ Kxd8 6. Nxe5 Nxe4 7. Nxf7+
Ke8 8. Nxh8 Bb4+ 9. c3 Bf8 10. Bd3 Bf5 11. O-O Bc5 12. Bxe4 Bxe4 13. Re1 Nc6 14.
Rxe4+ Ne7 15. Bg5 Rd8 16. Na3 h6 17. Bxe7 Bxe7 18. Ng6 Rd7 19. Rae1 Kf7 20. Ne5+
Ke8 21. Nxd7 Kxd7 22. Rxe7+ Kd8 23. Nc4 b5 24. Na5 g5 25. Rh7 Kc8 26. Re8# 1-0

[Event "AUTO-OPEN-594"]
[Site "http://www.queenalice.com/game.php?id=184462"]
[Date "2007.3.19"]
[Round "1"]
[White "bruninholoko"]
[Black "Powred"]
[Result "0-1"]
[WhiteElo "1271"]
[BlackElo "1374"]

1. e4 e5 2. Qf3 Nf6 3. Bc4 Bc5 4. g4 O-O 5. g5 Ne8 6. h4 Nd6 7. Bd5 c6 8. Bb3
Kh8 9. h5 f5 10. d4 fxe4 11. Qg3 Bxd4 12. g6 Bxf2+ 13. Qxf2 Rxf2 14. Kxf2 Nb5
15. c4 Nd4 16. Bd1 h6 17. b4 Qf8+ 18. Ke3 Qf4# 0-1

[Event "AUTO-OPEN-594"]
[Site "http://www.queenalice.com/game.php?id=184463"]
[Date "2007.3.19"]
[Round "1"]
[White "Powred"]
[Black "bruninholoko"]
[Result "1-0"]
[WhiteElo "1384"]
[BlackElo "1156"]

1. e4 e5 2. Nf3 d6 3. Bb5+ c6 4. Ba4 b5 5. Bb3 a5 6. d4 a4 7. Bg5 f6 8. Bxg8
Rxg8 9. Be3 b4 10. O-O g5 11. d5 cxd5 12. exd5 Ra5 13. a3 bxa3 14. Rxa3 e4 15.
Nfd2 Ba6 16. Qh5+ Rg6 17. Qxh7 Rh6 18. Qxe4+ Kd7 19. b4 Rh4 20. Qe6+ 1-0

[Event "AUTO-OPEN-594"]
[Site "http://www.queenalice.com/game.php?id=184464"]
[Date "2007.3.19"]
[Round "1"]
[White "bruninholoko"]
[Black "OrlandoRochaFilho"]
[Result "0-1"]
[WhiteElo "1291"]
[BlackElo "2190"]

1. e4 c5 2. Bc4 e6 3. e5 Nc6 4. f4 Nxe5 5. fxe5 Qh4+ 6. g3 Qe4+ 7. Ne2 Qxh1+ 8.
Ng1 Qxg1+ 9. Bf1 Qxh2 10. g4 Qg3+ 11. Ke2 Qxg4+ 12. Ke1 Qg3+ 13. Ke2 Be7 14. c3
Qg4+ 15. Ke1 Bh4# 0-1

[Event "AUTO-BEG-86"]
[Site "http://www.queenalice.com/game.php?id=186016"]
[Date "2007.3.22"]
[Round "1"]
[White "QueenMalice"]
[Black "bruninholoko"]
[Result "1-0"]
[WhiteElo "1256"]
[BlackElo "1270"]

1. d4 Nc6 2. e3 d5 3. c4 dxc4 4. Bxc4 e6 5. Nf3 f5 6. O-O Na5 7. Bb5+ c6 8. Ba4
b5 9. Bb3 Nxb3 10. Qxb3 Rb8 11. Nc3 Bd6 12. g3 a5 13. a4 bxa4 14. Qxa4 Ne7 15.
e4 h5 16. e5 Bc7 17. Bg5 Rxb2 18. Nd1 Rb6 19. Qa3 Kf7 20. Bd2 Ba6 21. Re1 Nd5
22. Ng5+ Kg8 23. Nxe6 Qb8 24. Bxa5 1-0

[Event "AUTO-BEG-86"]
[Site "http://www.queenalice.com/game.php?id=186017"]
[Date "2007.3.22"]
[Round "1"]
[White "bruninholoko"]
[Black "QueenMalice"]
[Result "0-1"]
[WhiteElo "1253"]
[BlackElo "1273"]

1. e4 d5 2. exd5 Qxd5 3. Nc3 Qe5+ 4. Nce2 Bg4 5. Nf3 Bxf3 6. gxf3 g5 7. d4 Qd5
8. b3 Qxf3 9. Rg1 Qf6 10. Rxg5 h6 11. Rd5 c6 12. Rc5 e5 13. dxe5 Qe6 14. Bf4
Bxc5 15. Qd2 Qe7 16. Rd1 f6 17. exf6 Nxf6 18. Bh3 Bb4 19. c3 Ba5 20. b4 Bb6 21.
Bf5 a5 22. bxa5 Bxa5 23. Qd6 Bxc3+ 24. Rd2 Bxd2+ 25. Kxd2 Qxd6+ 0-1

[Event "AUTO-BEG-86"]
[Site "http://www.queenalice.com/game.php?id=186028"]
[Date "2007.3.22"]
[Round "1"]
[White "millie"]
[Black "bruninholoko"]
[Result "0-1"]
[WhiteElo "1238"]
[BlackElo "1258"]

1. d4 Nc6 2. c3 e6 3. Qd3 Bd6 4. b4 Nf6 5. b5 Na5 6. f3 h5 7. Bg5 Rb8 8. h4 g6
9. c4 Bg3+ 10. Kd1 Qe7 11. e4 a6 12. Rh3 Bd6 13. c5 Nxe4 14. Bxe7 Kxe7 15. fxe4
Nc6 16. bxc6 bxc6 17. cxd6+ cxd6 18. Rf3 Rf8 19. Nh3 d5 20. Qa3+ d6 21. Rf2 dxe4
0-1

[Event "AUTO-BEG-86"]
[Site "http://www.queenalice.com/game.php?id=186034"]
[Date "2007.3.22"]
[Round "1"]
[White "knightsdefence"]
[Black "bruninholoko"]
[Result "1-0"]
[WhiteElo "1222"]
[BlackElo "1238"]

1. f4 e6 2. Nf3 Nf6 3. d4 d5 4. e3 Bd6 5. Bd3 a5 6. a3 Nc6 7. h3 Ne4 8. Nbd2 Ra6
9. Bxa6 bxa6 10. Nxe4 dxe4 11. Nd2 Qh4+ 12. Kf1 h5 13. Qe1 Qf6 14. Nc4 Be7 15.
Nxa5 Bd7 16. c3 g5 17. Nxc6 Bd6 18. g3 Bxc6 19. Qe2 Bb5 20. c4 Bc6 21. c5 Be7
22. Qxa6 e5 23. dxe5 Qe6 24. Qa7 Bb5+ 25. Kf2 O-O 26. Qxc7 1-0

[Event "AUTO-BEG-86"]
[Site "http://www.queenalice.com/game.php?id=186035"]
[Date "2007.3.22"]
[Round "1"]
[White "bruninholoko"]
[Black "knightsdefence"]
[Result "0-1"]
[WhiteElo "1221"]
[BlackElo "1239"]

1. e4 c5 2. d3 e5 3. Nf3 Nc6 4. Ng1 d6 5. g4 Be6 6. Nf3 h6 7. Be3 Bxg4 8. Ke2
Bxf3+ 9. Kxf3 Nf6 10. Qe1 Qa5 11. c3 Be7 12. Bh3 Qb5 13. c4 Qxb2 14. Nd2 Qb6 15.
Rb1 Qc7 16. Qg1 O-O 17. Qg2 Kh8 18. Rhg1 Rg8 19. Bf5 b6 20. h4 a6 21. Rbf1 Bf8
22. h5 Nxh5 23. Rh1 Nf6 24. Rh3 Ne8 25. Qg4 g6 26. Rxh6+ Bxh6 27. Bxh6 Nd4+ 28.
Ke3 Nxf5+ 29. Ke2 Qd8 30. Bg5 Nf6 0-1

[Event "AUTO-INT-390"]
[Site "http://www.queenalice.com/game.php?id=186074"]
[Date "2007.3.22"]
[Round "1"]
[White "bruninholoko"]
[Black "alexanderarbieto"]
[Result "0-1"]
[WhiteElo "1286"]
[BlackElo "1650"]

1. e4 e5 2. Qf3 Nf6 3. Bc4 Nc6 4. g4 d6 5. g5 Bg4 6. Qb3 Nxe4 7. Qxb7 Nd4 8. d3
Nc5 9. Qb4 Nxc2+ 10. Kd2 Nxb4 11. h3 Bf5 12. a3 Nbxd3 13. Ne2 Nxf2 14. Rf1 Nfe4+
15. Ke3 Bxh3 16. Rh1 Nxg5 17. Bd5 Rb8 18. Ng1 Be6 19. Bc6+ Bd7 20. Bg2 Qf6 21.
Rh4 Nge6 22. Nc3 Qg5+ 23. Kf3 Qxh4 24. Nd5 Qe1 25. b4 Nd4# 0-1

[Event "AUTO-INT-390"]
[Site "http://www.queenalice.com/game.php?id=186075"]
[Date "2007.3.22"]
[Round "1"]
[White "alexanderarbieto"]
[Black "bruninholoko"]
[Result "1-0"]
[WhiteElo "1648"]
[BlackElo "1274"]

1. e4 Nf6 2. Nc3 c5 3. e5 Nh5 4. Qxh5 g6 5. Qd1 e6 6. Nf3 f5 7. exf6 Qxf6 8. d3
Bd6 9. Bg5 Qg7 10. d4 c4 11. Bxc4 Rf8 12. O-O Rf5 13. Re1 a5 14. Nb5 Bb4 15. c3
Bf8 16. Nc7+ Kf7 17. Nxa8 h6 18. Bd8 Nc6 19. Nb6 Be7 20. Bxe7 Nxe7 21. Re5 Rf4
22. Rxa5 Rf5 23. Rxf5+ Nxf5 24. Nxc8 d5 25. Bd3 Qf8 26. Nb6 Qe8 27. Bxf5 exf5
28. Nxd5 b5 29. Qd2 g5 30. Ne5+ Kf8 31. f4 gxf4 32. Qxf4 h5 33. Qxf5+ Kg8 34.
Nf6+ Kf8 35. Nxe8+ 1-0

[Event "AUTO-INT-390"]
[Site "http://www.queenalice.com/game.php?id=186076"]
[Date "2007.3.22"]
[Round "1"]
[White "bruninholoko"]
[Black "Jomaley"]
[Result "0-1"]
[WhiteElo "1284"]
[BlackElo "1369"]

1. e4 e6 2. Be2 Bb4 3. a3 Bd6 4. d4 b6 5. e5 Be7 6. Be3 Nc6 7. a4 Na5 8. b4 Nc6
9. b5 Na5 10. f4 Nh6 11. Bh5 g6 12. Bf3 Bb4+ 13. c3 Nc4 14. Bf2 Be7 15. h4 Nb2
16. Qc2 Nc4 17. Bxa8 c6 18. bxc6 dxc6 19. Qb3 Na5 20. Bxc6+ Bd7 21. Qb5 Nxc6 22.
c4 Nxd4 23. Qb2 Ndf5 24. Nc3 Bc6 25. Rd1 Qc8 26. a5 Bxg2 27. axb6 Bxh1 28. bxa7
O-O 29. Ra1 Bxh4 30. Ra3 Qxc4 31. Qb7 Bxb7 32. Nf3 Bxf3 33. Kd2 Bxf2 34. Ra4
Rd8+ 35. Kc2 Nd4+ 36. Kc1 Qxc3+ 37. Kb1 Rb8+ 38. axb8=Q+ Kg7 39. Ra8 Qc2+ 40.
Ka1 Nb3+ 41. Qxb3 Qxb3 42. Re8 Bd4# 0-1

[Event "AUTO-INT-390"]
[Site "http://www.queenalice.com/game.php?id=186077"]
[Date "2007.3.22"]
[Round "1"]
[White "Jomaley"]
[Black "bruninholoko"]
[Result "1-0"]
[WhiteElo "1362"]
[BlackElo "1318"]

1. c4 e5 2. Qa4 Nc6 3. a3 Bc5 4. e3 Nge7 5. g3 d6 6. Nf3 O-O 7. Bd3 f5 8. Ng5 h6
9. Ne6 Bxe6 10. Qb3 Na5 11. Qc3 c6 12. b4 Bb6 13. bxa5 e4 14. Bb2 Bc7 15. Qxg7#
1-0

[Event "AUTO-OPEN-597"]
[Site "http://www.queenalice.com/game.php?id=186276"]
[Date "2007.3.22"]
[Round "1"]
[White "morphy1095"]
[Black "bruninholoko"]
[Result "1-0"]
[WhiteElo "1386"]
[BlackElo "1183"]

1. d4 e6 2. c4 Bb4+ 3. Bd2 Bd6 4. e3 Nf6 5. Nc3 O-O 6. Nf3 a5 7. Nb5 Be7 8. Bd3
c6 9. Nc3 b6 10. Ne5 d6 11. Nf3 Na6 12. O-O Nb4 13. Be2 Ng4 14. h3 Nh6 15. a3
Na6 16. Qc2 g6 17. e4 Rb8 18. Rfe1 f5 19. b3 Bf6 20. e5 dxe5 21. dxe5 Be7 22.
Bxh6 Re8 23. Red1 Bd7 24. Rd2 Bf8 25. Bg5 Be7 26. Be3 Qc7 27. Na4 Nc5 28. Bxc5
bxc5 29. Rad1 Bc8 30. Qb1 h5 31. Nc3 Rb6 32. Qc2 Qb7 33. Na4 Rxb3 34. Rd3 Rxd3
35. Rxd3 Bd7 36. Rb3 Qc7 37. Nb6 a4 38. Rb2 Rb8 39. Qxa4 Rxb6 40. Qa8+ Kf7 41.
Rxb6 Qxb6 42. Qa4 Qb1+ 43. Kh2 Qe4 44. Qd1 Qf4+ 45. g3 Qe4 46. Qxd7 Qxe2 47.
Ng5+ Kg7 48. Qxe7+ Kh6 49. Kg2 Qxe5 50. Nf7+ 1-0

[Event "AUTO-OPEN-597"]
[Site "http://www.queenalice.com/game.php?id=186277"]
[Date "2007.3.22"]
[Round "1"]
[White "bruninholoko"]
[Black "morphy1095"]
[Result "0-1"]
[WhiteElo "1312"]
[BlackElo "1301"]

1. e4 Nc6 2. Qf3 e6 3. h4 Bb4 4. Rh3 Nf6 5. c3 Bc5 6. d4 Bb6 7. Bf4 Ba5 8. Qg3
g6 9. e5 Nh5 10. Qg4 Nxd4 11. Bg5 Nc2+ 12. Kd1 f6 13. Bxf6 Nxf6 14. Kxc2 Nxg4
15. Nd2 Nxf2 16. Rf3 Ng4 17. Bc4 b6 18. Bd3 d5 19. exd6 Qxd6 20. Be4 Rb8 21.
Raf1 Ne5 22. Rf6 Ng4 23. h5 Nxf6 24. Bf3 Nxh5 25. Be4 Rf8 26. Re1 Rf2 27. b4
Qxd2+ 28. Kb3 Qb2+ 29. Kc4 b5+ 30. Kd3 Qd2# 0-1

[Event "AUTO-OPEN-597"]
[Site "http://www.queenalice.com/game.php?id=186308"]
[Date "2007.3.22"]
[Round "1"]
[White "bruninholoko"]
[Black "erig1969"]
[Result "0-1"]
[WhiteElo "1351"]
[BlackElo "1825"]

1. e4 e5 2. Qf3 Qf6 3. Qc3 Nc6 4. Bc4 Qg6 5. Qf3 Nf6 6. d3 Nd4 7. Qd1 Qxg2 8. c3
Qxh1 9. Kf1 d6 10. cxd4 Bh3+ 11. Ke2 Qxh2 12. Qa4+ Bd7 13. Nf3 Bxa4 14. Nxh2 Bd7
15. Nc3 c6 16. dxe5 dxe5 17. Ng4 Bxg4+ 18. f3 Bh5 19. Be3 b5 20. Bb3 a5 21. Nd5
cxd5 22. exd5 a4 23. Bc2 Nxd5 24. Bg1 Nf4+ 25. Ke3 Bc5+ 26. d4 Bxd4+ 27. Ke4
Bg6# 0-1

[Event "AUTO-OPEN-597"]
[Site "http://www.queenalice.com/game.php?id=186309"]
[Date "2007.3.22"]
[Round "1"]
[White "erig1969"]
[Black "bruninholoko"]
[Result "1-0"]
[WhiteElo "1800"]
[BlackElo "1291"]

1. d4 e6 2. c4 Bb4+ 3. Bd2 a5 4. a3 Be7 5. e4 Ra6 6. c5 Nf6 7. Bxa6 bxa6 8. e5
Nd5 9. Bxa5 Nc6 10. Bc3 f5 11. exf6 gxf6 12. Qh5+ Kf8 13. Bd2 Rg8 14. Bh6+ Rg7
15. Qg4 Ke8 16. Bxg7 f5 17. Qh5# 1-0